000 02485nam a22002417a 4500
003 TH-BaNU
005 20230403113546.0
008 230403b2008 TH ||||| |||| 00| 0 tha d
020 _a 9789744432339
040 _aTH-BaNU
100 _aวิโรจน์ ลักขณาอดิศร
245 _aกลยุทธ์ HR ที่จับต้องได้
250 _aพิมพ์ครั้งที่ 4
260 _aกรุงเทพฯ:
_bสสท. สมาคมส่งเสริมเทคโนโลยี (ไทย-ญี่ปุ่น):
_c2551
300 _a217 หน้า
520 _aนำเสนอวิธีจัดการด้านการบริหารทรัพยากรมนุษย์ที่นำไปปฏิบัติได้จริง แนะนำวิธีดำเนินการและแก้ไขปัญหาให้สอดคล้องกับการวางยุทธศาสตร์ขององค์กร (Corporate Strategy) เพื่อสนับสนุนศักยภาพในการแข่งขันที่ยั่งยืน เนื่องจาก “คน” เป็นกลไกสำคัญในการขับเคลื่อนองค์กรให้เป็นไปตามกลยุทธ์ที่วางไว้ ดังนั้นองค์กรที่สามารถดึงศักยภาพที่บุคลากรมีอยู่มาใช้ประโยชน์ได้อย่างคุ้มค้า และรู้จักพัฒนาความสามารถของบุคลากรให้กลายเป็นความสามารถขององค์กรได้ ก็จะมีความได้เปรียบองค์กรอื่นอย่างมหาศาล เหมาะสำหรับผู้บริหารและผู้ที่เกี่ยวข้องในสาขา HR รวมถึงนักศึกษาด้านการบริหารจัดการ
650 _aการพัฒนาทรัพยากรมนุษย์
650 _aการบริหาร
850 _aKCNL
856 _uhttps://se-ed.belibcloud.com/book-detail/18228
_yse-ed e-library
942 _2local
_cEBK
998 _cbee
999 _c37589
_d37589